| 000 | 00575nam a2200181 4500 | ||
|---|---|---|---|
| 001 | 109618 | ||
| 003 | ES-MaACL | ||
| 005 | 20230906184857.0 | ||
| 007 | t| | ||
| 008 | 061121s1969 sp r ||||1| spa d | ||
| 100 | 1 |
_aMittelstaedt, Peter. _981714 |
|
| 245 | 1 | 0 |
_aProblemas filosóficos de la Física moderna / _cPeter Mittelstaedt; Versión... Gaspar Marsal Aleixandre. |
| 250 | _a1ª ed. | ||
| 260 |
_aMadrid, etc. : _bAlhambra, _c1969. |
||
| 300 |
_aX, 208 p. : _bil. ; _c20 cm. |
||
| 700 | 1 |
_aMarsal Aleixandre, Gaspar. _977107 |
|
| 852 |
_aES-MaACL _jC-36464 _bR.69919 |
||
| 999 |
_c109618 _d109618 |
||